[Event "FIDE World Youth U16 Chess Olympiad SLOVAKIA 2016"]
[Site "Poprad Tatry SLOVAKIA"]
[Date "2016.07.27"]
[Round "6"]
[Board "2"]
[White "Ondo, Tomas"]
[Black "Deng, Yu Dong Michael"]
[Result "1/2-1/2"]
[WhiteElo "1795"]
[BlackElo "1682"]
[PlyCount "61"]
[EventDate "2016.07.22"]
[EventType "team"]
[EventRounds "9"]
[EventCountry "SVK"]
[WhiteTeam "Slovakia KSZ"]
[BlackTeam "Hong Kong"]

1. e4 c5 2. c4 Nc6 3. g3 g6 4. Bg2 Bg7 5. Nc3 d6 6. d3 e6 7. Nge2 Nge7 8. Be3
Nd4 9. O-O O-O 10. f4 Nec6 11. Rc1 Rb8 12. h3 a6 13. Kh2 b5 14. b3 Bd7 15. Qd2
b4 16. Nb1 a5 17. Qd1 a4 18. Nd2 axb3 19. axb3 Rb6 20. Nf3 Ra6 21. Nexd4 Nxd4
22. Nxd4 Bxd4 23. Bxd4 cxd4 24. Ra1 Qb6 25. Rxa6 Qxa6 26. Qa1 Qb6 27. Rf2 Bc6
28. Ra2 d5 29. Ra6 Qb7 30. Ra7 Qb6 31. Ra6 1/2-1/2

[Event "FIDE World Youth U16 Chess Olympiad SLOVAKIA 2016"]
[Site "Poprad Tatry SLOVAKIA"]
[Date "2016.07.27"]
[Round "6"]
[Board "3"]
[White "Oh, Benjamin Yao Teng"]
[Black "Petura, Samuel"]
[Result "1-0"]
[WhiteElo "1687"]
[BlackElo "1632"]
[PlyCount "95"]
[EventDate "2016.07.22"]
[EventType "team"]
[EventRounds "9"]
[EventCountry "SVK"]
[WhiteTeam "Hong Kong"]
[BlackTeam "Slovakia KSZ"]

1. e4 e5 2. Nf3 Nc6 3. Bb5 a6 4. Ba4 b5 5. Bb3 Bc5 6. O-O d6 7. c3 Bb7 8. d4
Bb6 9. Bg5 Nf6 10. Re1 h6 11. Bh4 O-O 12. Qd3 Qe7 13. Nbd2 Nd8 14. d5 c5 15. c4
b4 16. Nf1 Bc8 17. Ng3 Bg4 18. h3 Bc8 19. Re3 Nb7 20. Nh5 Kh7 21. Nxf6+ gxf6
22. Nh2 Rg8 23. Rg3 Bd7 24. Bd1 Rxg3 25. fxg3 Rg8 26. Bh5 Bd8 27. Rf1 Qf8 28.
Ng4 Bxg4 29. Bxg4 Qg7 30. Qf3 Na5 31. b3 Nb7 32. Qe3 Rh8 33. Rf5 Kg8 34. Qf3
Qf8 35. Bxf6 Bxf6 36. Rxf6 Nd8 37. Bf5 Qe7 38. Qg4+ Kf8 39. Qh4 h5 40. g4 Kg7
41. Qg5+ Kf8 42. gxh5 Rg8 43. Qh6+ Ke8 44. Rxd6 Qh4 45. Bg4 Qe1+ 46. Kh2 Qxe4
47. Bd7+ Ke7 48. Qf6+ 1-0

[Event "FIDE World Youth U16 Chess Olympiad SLOVAKIA 2016"]
[Site "Poprad Tatry SLOVAKIA"]
[Date "2016.07.27"]
[Round "6"]
[Board "4"]
[White "Hadzala, Juraj"]
[Black "Deng, Jing Xin Crystal"]
[Result "1-0"]
[WhiteElo "1516"]
[BlackElo "1653"]
[PlyCount "137"]
[EventDate "2016.07.22"]
[EventType "team"]
[EventRounds "9"]
[EventCountry "SVK"]
[WhiteTeam "Slovakia KSZ"]
[BlackTeam "Hong Kong"]

1. e4 c5 2. Nf3 Nc6 3. d4 cxd4 4. Nxd4 g6 5. Nc3 Bg7 6. Be3 Nf6 7. Bc4 O-O 8.
Bb3 d6 9. f3 Bd7 10. Qd2 Rc8 11. O-O-O Ne5 12. h4 h5 13. Bg5 Rc5 14. f4 Nc4 15.
Qd3 Ng4 16. Bxc4 Nf2 17. Qe2 Nxh1 18. Bb3 Kh8 19. f5 b5 20. Bxf7 Rxf7 21. Rxh1
Bxd4 22. fxg6 Bg4 23. Qd3 Bxc3 24. gxf7 Bg7 25. Rf1 Qf8 26. Qa3 Rc7 27. Qa5 Rb7
28. Qa6 Bc8 29. Qc6 e5 30. Qe8 Bd7 31. Qe7 Bc6 32. Qe6 Bxe4 33. g4 Rc7 34. c3
Bg2 35. Rf6 Be4 36. Bh6 hxg4 37. h5 g3 38. Bxg7+ Kxg7 39. Rf4 Kh7 40. Rxe4 Rxf7
41. Qg6+ Kh8 42. Qxg3 Rf3 43. Qg6 Rf1+ 44. Kc2 Rf2+ 45. Kb3 Qf7+ 46. Qxf7 Rxf7
47. Rg4 Kh7 48. Rg6 Rd7 49. Kb4 a6 50. Ka5 e4 51. Re6 d5 52. Kxa6 b4 53. Kb5
bxc3 54. bxc3 d4 55. cxd4 Rxd4 56. a4 Rd5+ 57. Kc4 Rxh5 58. Rxe4 Kg7 59. Rd4
Kf7 60. Rd5 Rh6 61. Kb5 Ke7 62. a5 Rh8 63. a6 Ke6 64. Kc6 Rc8+ 65. Kb7 Rc4 66.
Rb5 Kd7 67. a7 Rc7+ 68. Ka6 Rc6+ 69. Rb6 1-0

[Event "FIDE World Youth U16 Chess Olympiad SLOVAKIA 2016"]
[Site "Poprad Tatry SLOVAKIA"]
[Date "2016.07.27"]
[Round "6"]
[Board "1"]
[White "Gluckman, Paul"]
[Black "Holly, Andrej"]
[Result "1-0"]
[WhiteElo "1923"]
[BlackElo "1783"]
[PlyCount "117"]
[EventDate "2016.07.22"]
[EventType "team"]
[EventRounds "9"]
[EventCountry "SVK"]
[WhiteTeam "South Africa 1"]
[BlackTeam "Slovakia LSS B"]

1. e4 c5 2. c4 Nc6 3. Nc3 e6 4. g3 Nf6 5. Bg2 Be7 6. Nge2 O-O 7. O-O Qc7 8. d3
a6 9. h3 d6 10. f4 Rb8 11. g4 b5 12. b3 b4 13. Nb1 e5 14. Nd2 Nd4 15. Nxd4 exd4
16. Nf3 Bb7 17. Qe1 a5 18. g5 Nd7 19. f5 f6 20. g6 h6 21. Qh4 Ne5 22. Ne1 Rfc8
23. Bf3 Bf8 24. Be2 Qe7 25. Ng2 Ra8 26. Nf4 a4 27. bxa4 Rxa4 28. Bd1 Ra7 29.
Rf2 Rca8 30. Qg3 Bc6 31. Rg2 Kh8 32. Ne6 Rb8 33. Rb1 Rba8 34. Rbb2 Ra3 35. Bb3
R3a7 36. Rbf2 Rb7 37. Kh1 Raa7 38. Rf4 Bd7 39. Nxf8 Qxf8 40. Rh4 Bc6 41. Rh5
Re7 42. Re2 Rab7 43. Bc2 Ra7 44. Bb1 Ba4 45. Re1 Bc6 46. Kg2 Reb7 47. Re2 Re7
48. Qh4 Kg8 49. Bxh6 gxh6 50. Rxh6 Qg7 51. Kf2 Nf7 52. gxf7+ Qxf7 53. Rg6+ Qxg6
54. fxg6 Rg7 55. Qxf6 Be8 56. Qe6+ Kf8 57. Qxd6+ Rae7 58. Ke1 Rxg6 59. Rf2+ 1-0

[Event "FIDE World Youth U16 Chess Olympiad SLOVAKIA 2016"]
[Site "Poprad Tatry SLOVAKIA"]
[Date "2016.07.27"]
[Round "6"]
[Board "2"]
[White "Taragelova, Martina"]
[Black "De Jager, Luan"]
[Result "1/2-1/2"]
[WhiteElo "1626"]
[BlackElo "1766"]
[PlyCount "84"]
[EventDate "2016.07.22"]
[EventType "team"]
[EventRounds "9"]
[EventCountry "SVK"]
[WhiteTeam "Slovakia LSS B"]
[BlackTeam "South Africa 1"]

1. d4 Nf6 2. c4 e6 3. Nc3 Bb4 4. Qc2 O-O 5. Nf3 c5 6. dxc5 Na6 7. g3 Nxc5 8.
Bg2 Nce4 9. O-O Nxc3 10. bxc3 Be7 11. Rd1 Qc7 12. Qb3 d5 13. Bf4 Qa5 14. cxd5
Nxd5 15. Bd2 Nb6 16. c4 Qc5 17. Be3 Qc7 18. Rac1 Bd7 19. Bxb6 axb6 20. Rd2 Ra3
21. Qb1 Rc8 22. Nd4 Ra4 23. Rdc2 Rb4 24. Nb3 Bc6 25. Qb2 Bf6 26. Qb1 Bxg2 27.
Kxg2 Qc6+ 28. Kg1 Rd8 29. e3 g6 30. Rd1 Rxd1+ 31. Qxd1 Rxc4 32. Rxc4 Qxc4 33.
Qf3 Kg7 34. Qxb7 b5 35. Kg2 b4 36. Nd2 Qxa2 37. Qxb4 Qd5+ 38. Nf3 Qc6 39. Qd2
g5 40. Qb4 h6 41. h3 Qa8 42. e4 Qc6 1/2-1/2

[Event "FIDE World Youth U16 Chess Olympiad SLOVAKIA 2016"]
[Site "Poprad Tatry SLOVAKIA"]
[Date "2016.07.27"]
[Round "6"]
[Board "3"]
[White "Agulhas, Keegan"]
[Black "Pogadl, Jakub"]
[Result "1-0"]
[WhiteElo "1716"]
[BlackElo "1422"]
[PlyCount "69"]
[EventDate "2016.07.22"]
[EventType "team"]
[EventRounds "9"]
[EventCountry "SVK"]
[WhiteTeam "South Africa 1"]
[BlackTeam "Slovakia LSS B"]

1. e4 c5 2. Nf3 Nc6 3. d4 cxd4 4. Nxd4 Nf6 5. Nc3 e5 6. Ndb5 d6 7. Nd5 Nxd5 8.
exd5 Nb8 9. c4 a6 10. Qa4 Nd7 11. Be3 Be7 12. Be2 O-O 13. Qa3 Nf6 14. f3 Bf5
15. Nc3 Bg6 16. O-O Ne8 17. b4 f5 18. Qb3 Rc8 19. Na4 Nf6 20. c5 Bf7 21. Rfd1
dxc5 22. bxc5 Bxd5 23. Bc4 b5 24. Bxd5+ Kh8 25. Nb6 Rxc5 26. Be6 Qxb6 27. Bxf5
Nd5 28. Rxd5 Rxf5 29. Kh1 a5 30. Bxc5 Bxc5 31. Qc2 Rf8 32. Qxc5 Qxc5 33. Rxc5
Rb8 34. Rxe5 h6 35. Rb1 1-0

[Event "FIDE World Youth U16 Chess Olympiad SLOVAKIA 2016"]
[Site "Poprad Tatry SLOVAKIA"]
[Date "2016.07.27"]
[Round "6"]
[Board "4"]
[White "Datelova, Daniela"]
[Black "Joubert, Dantelle"]
[Result "0-1"]
[WhiteElo "1272"]
[BlackElo "1453"]
[PlyCount "104"]
[EventDate "2016.07.22"]
[EventType "team"]
[EventRounds "9"]
[EventCountry "SVK"]
[WhiteTeam "Slovakia LSS B"]
[BlackTeam "South Africa 1"]

1. d4 d5 2. c4 c6 3. cxd5 cxd5 4. Nf3 Nc6 5. Nc3 Nf6 6. Bf4 Bf5 7. e3 e6 8. Bb5
Rc8 9. Ne5 Be7 10. Qa4 Qb6 11. Bxc6+ bxc6 12. Qb3 Qa6 13. Qd1 O-O 14. Qe2 Qxe2+
15. Nxe2 Bb4+ 16. Nc3 Ne4 17. Rc1 Nxc3 18. bxc3 Ba3 19. Rd1 Bb2 20. Kd2 Rfd8
21. h3 h6 22. g4 Bh7 23. h4 c5 24. Nd3 Bxd3 25. Kxd3 cxd4 26. cxd4 Rc3+ 27. Ke2
Rdc8 28. Kf3 Ra3 29. h5 Rc2 30. g5 hxg5 31. Bxg5 Kh7 32. Rdg1 Bxd4 33. Kg3 Be5+
34. Kg2 Rcxa2 35. h6 g6 36. Rh4 Ra4 37. Rxa4 Rxa4 38. Kf3 Ra1 39. Rg4 f6 40.
Bf4 Bxf4 41. Rxf4 f5 42. Rh4 a5 43. Ke2 a4 44. Kd3 a3 45. Kc3 Rb1 46. Ra4 Rf1
47. f4 Rc1+ 48. Kd2 Ra1 49. Ke2 a2 50. Kd2 Rh1 51. Rxa2 Rh2+ 52. Kc3 Rxa2 0-1

[Event "FIDE World Youth U16 Chess Olympiad SLOVAKIA 2016"]
[Site "Poprad Tatry SLOVAKIA"]
[Date "2016.07.27"]
[Round "6"]
[Board "1"]
[White "Ieong, Seak Hin"]
[Black "Wolmarans, Riekie"]
[Result "0-1"]
[WhiteElo "1726"]
[BlackElo "1429"]
[PlyCount "56"]
[EventDate "2016.07.22"]
[EventType "team"]
[EventRounds "9"]
[EventCountry "SVK"]
[WhiteTeam "Macau"]
[BlackTeam "South Africa 3"]

1. e4 c5 2. Nc3 d6 3. g3 g6 4. Bg2 Bg7 5. d3 Nf6 6. Nge2 Nc6 7. O-O O-O 8. Bg5
a6 9. a4 Bd7 10. Qd2 Rb8 11. f4 b5 12. axb5 axb5 13. f5 b4 14. Nd5 Nxd5 15.
exd5 Nd4 16. fxg6 hxg6 17. Rae1 Re8 18. Kh1 Nxe2 19. Rxe2 Bxb2 20. Qf4 f6 21.
Be4 f5 22. Qh4 fxe4 23. Bh6 Bg7 24. Qxe4 Rf8 25. Rf4 Bxh6 26. Qxg6+ Bg7 27. Rh4
Bf5 28. Qg5 b3 0-1

[Event "FIDE World Youth U16 Chess Olympiad SLOVAKIA 2016"]
[Site "Poprad Tatry SLOVAKIA"]
[Date "2016.07.27"]
[Round "6"]
[Board "2"]
[White "Kara, Zahra"]
[Black "Kou, Seong Kei"]
[Result "0-1"]
[WhiteElo "1335"]
[BlackElo "1398"]
[PlyCount "144"]
[EventDate "2016.07.22"]
[EventType "team"]
[EventRounds "9"]
[EventCountry "SVK"]
[WhiteTeam "South Africa 3"]
[BlackTeam "Macau"]

1. e4 c6 2. d4 d5 3. Nc3 dxe4 4. Nxe4 Bf5 5. Ng3 Bg6 6. Nf3 Nd7 7. Nh4 Ngf6 8.
Nxg6 hxg6 9. c3 Qc7 10. Bd3 e6 11. h3 Bd6 12. Ne4 Nxe4 13. Bxe4 Nf6 14. Bd3 Nd5
15. Qc2 O-O-O 16. Bd2 Bf4 17. O-O-O g5 18. Kb1 Bxd2 19. Qxd2 Qf4 20. Qxf4 Nxf4
21. Be4 Rh6 22. Rh2 f5 23. Bc2 g4 24. h4 g5 25. g3 Ng6 26. Re1 Kd7 27. Reh1
gxh4 28. gxh4 Rdh8 29. h5 Nf4 30. Bd1 Rxh5 31. Rxh5 Rxh5 32. Rxh5 Nxh5 33. Kc2
Nf4 34. Kd2 Kd6 35. Ke3 Nh3 36. b3 e5 37. dxe5+ Kxe5 38. Bc2 f4+ 39. Ke2 Ng1+
40. Kf1 Nf3 41. Ke2 Nh2 42. Bd3 g3 43. fxg3 fxg3 44. a3 g2 45. Kf2 Nf3 46. Kxg2
Ne1+ 47. Kf2 Nxd3+ 48. Ke3 Nc1 49. b4 Kd5 50. Kd2 Kc4 51. Kxc1 Kxc3 52. b5 cxb5
53. Kb1 Kb3 54. Ka1 Kxa3 55. Kb1 b4 56. Ka1 b3 57. Kb1 b2 58. Kc2 Ka2 59. Kd3
b1=Q+ 60. Ke3 Qc2 61. Kf4 Qe2 62. Kf5 Qe3 63. Kg4 b5 64. Kf5 b4 65. Kg4 b3 66.
Kf5 b2 67. Kg4 b1=R 68. Kf5 Rf1+ 69. Kg4 Qf3+ 70. Kh4 Rh1+ 71. Kg5 Rg1+ 72. Kh6
Qh1# 0-1

[Event "FIDE World Youth U16 Chess Olympiad SLOVAKIA 2016"]
[Site "Poprad Tatry SLOVAKIA"]
[Date "2016.07.27"]
[Round "6"]
[Board "3"]
[White "Ip, Seng Tou"]
[Black "Du Plessis, Anika"]
[Result "0-1"]
[WhiteElo "1564"]
[BlackElo "1248"]
[PlyCount "166"]
[EventDate "2016.07.22"]
[EventType "team"]
[EventRounds "9"]
[EventCountry "SVK"]
[WhiteTeam "Macau"]
[BlackTeam "South Africa 3"]

1. e4 d5 2. exd5 Qxd5 3. Nc3 Qd6 4. d4 c6 5. Nf3 Bg4 6. Be2 Nf6 7. O-O e6 8.
Be3 Nbd7 9. Qd2 Qc7 10. Bf4 Bd6 11. Bxd6 Qxd6 12. Qe3 O-O 13. Rfd1 Nd5 14. Nxd5
exd5 15. h3 Bh5 16. Qd2 Rfe8 17. Re1 Nf6 18. Ne5 Bxe2 19. Rxe2 Re6 20. Rae1
Rae8 21. Qa5 Qb8 22. Qd2 Qc7 23. Nd3 Ne4 24. Qd1 Kf8 25. Ne5 c5 26. Nf3 c4 27.
Nd2 Qb6 28. Nxe4 Rxe4 29. Rxe4 dxe4 30. Qh5 Qxd4 31. Qxh7 g6 32. Qh6+ Kg8 33.
c3 Qb6 34. Qd2 Qc6 35. Qd4 a6 36. Rd1 b5 37. Qe3 a5 38. Rd4 Kg7 39. Qd2 Re5 40.
Qf4 Qe6 41. Qe3 b4 42. Qe2 e3 43. f3 Rg5 44. Re4 Qxh3 45. Rxe3 Qg3 46. Qf2 Qd6
47. Qe2 Qg3 48. Re4 Rh5 49. Rg4 Re5 50. Re4 Rxe4 51. Qxe4 bxc3 52. Qd4+ Kg8 53.
Qxc3 Qc7 54. Kh1 Qc5 55. Kh2 Qb4 56. Qc2 Kg7 57. a3 Qd6+ 58. Kh1 Qd3 59. Qc1
Qd4 60. Kh2 Qh4+ 61. Kg1 Qd4+ 62. Kf1 f5 63. Ke2 Qd3+ 64. Kf2 Qd4+ 65. Kg3 Kf6
66. f4 a4 67. Qc3 Qxc3+ 68. bxc3 g5 69. Kf3 gxf4 70. Kxf4 Ke6 71. Ke3 Ke5 72.
g3 Kd5 73. Kf4 Ke6 74. Kf3 Kd5 75. Ke3 Ke5 76. Kf3 Kd5 77. Kf4 Ke6 78. Kg5 Ke5
79. Kg6 Ke4 80. Kf6 f4 81. gxf4 Kxf4 82. Ke6 Ke4 83. Kd6 Kd3 0-1

[Event "FIDE World Youth U16 Chess Olympiad SLOVAKIA 2016"]
[Site "Poprad Tatry SLOVAKIA"]
[Date "2016.07.27"]
[Round "6"]
[Board "4"]
[White "Van Heerden, Lara"]
[Black "Ieong, Pui Kuan"]
[Result "1-0"]
[WhiteElo "1259"]
[BlackElo "1220"]
[PlyCount "75"]
[EventDate "2016.07.22"]
[EventType "team"]
[EventRounds "9"]
[EventCountry "SVK"]
[WhiteTeam "South Africa 3"]
[BlackTeam "Macau"]

1. e4 e5 2. Nf3 Nc6 3. Bc4 Nf6 4. Ng5 d5 5. exd5 Nxd5 6. d3 Be7 7. Nf3 O-O 8.
O-O Bg4 9. c3 Nb6 10. Bb3 h6 11. h3 Bh5 12. Re1 Bd6 13. Nbd2 Re8 14. Ne4 Nd7
15. Ng3 Nf6 16. a3 a6 17. Ba2 Na7 18. Nxh5 Nxh5 19. Qb3 Qd7 20. Qxb7 Qb5 21.
Qe4 Nf6 22. Qe2 c5 23. Bc4 Qb6 24. Qc2 Nc6 25. Be3 a5 26. Rab1 Qc7 27. Bd2 Rab8
28. a4 Kh8 29. Qc1 g5 30. Bb5 Nh7 31. Qc2 f6 32. Nh2 Kg7 33. Nf1 Nf8 34. Ne3
Qd7 35. d4 Ng6 36. d5 Qc8 37. Bxc6 Re7 38. Nf5+ 1-0

[Event "FIDE World Youth U16 Chess Olympiad SLOVAKIA 2016"]
[Site "Poprad Tatry SLOVAKIA"]
[Date "2016.07.27"]
[Round "6"]
[Board "1"]
[White "Abdulla, Murad"]
[Black "Mirza, Diana"]
[Result "1-0"]
[WhiteElo "2101"]
[BlackElo "1889"]
[PlyCount "27"]
[EventDate "2016.07.22"]
[EventType "team"]
[EventRounds "9"]
[EventCountry "SVK"]
[WhiteTeam "Scotland"]
[BlackTeam "Ireland"]

1. e4 c5 2. Nf3 e6 3. d4 cxd4 4. Nxd4 Nc6 5. Nc3 Qc7 6. f4 a6 7. Nxc6 dxc6 8.
Be3 Nf6 9. Qf3 Bb4 10. Bd4 c5 11. Be5 Qc6 12. O-O-O Bxc3 13. Bxc3 Qxe4 14. Bxf6
 1-0

[Event "FIDE World Youth U16 Chess Olympiad SLOVAKIA 2016"]
[Site "Poprad Tatry SLOVAKIA"]
[Date "2016.07.27"]
[Round "6"]
[Board "2"]
[White "Melaugh, Shane"]
[Black "Gray, Euan"]
[Result "1/2-1/2"]
[WhiteElo "1677"]
[BlackElo "1943"]
[PlyCount "83"]
[EventDate "2016.07.22"]
[EventType "team"]
[EventRounds "9"]
[EventCountry "SVK"]
[WhiteTeam "Ireland"]
[BlackTeam "Scotland"]

1. c4 e5 2. Nc3 Nf6 3. g3 Bb4 4. Bg2 O-O 5. e4 Bxc3 6. bxc3 d6 7. Ne2 c6 8. O-O
Be6 9. d3 d5 10. cxd5 cxd5 11. Bg5 dxe4 12. Bxe4 Nc6 13. Qb1 Rb8 14. f4 h6 15.
fxe5 hxg5 16. exf6 gxf6 17. d4 Na5 18. Qd3 Nc4 19. Rf2 b5 20. Raf1 Bh3 21. Bg2
Bxg2 22. Kxg2 Rb6 23. Nc1 Re8 24. Kg1 Re3 25. Qc2 b4 26. cxb4 Qxd4 27. Nb3 Qg4
28. Qd1 Qxd1 29. Rxd1 Rxb4 30. Rxf6 Re2 31. Rd7 Rxa2 32. Rfxf7 Ne5 33. Rg7+ Kf8
34. Rb7 Re4 35. Kf1 Ree2 36. Nd4 Rf2+ 37. Kg1 Rg2+ 38. Kh1 Rxh2+ 39. Kg1 Rhg2+
40. Kh1 Rh2+ 41. Kg1 Rhg2+ 42. Kh1 1/2-1/2

[Event "FIDE World Youth U16 Chess Olympiad SLOVAKIA 2016"]
[Site "Poprad Tatry SLOVAKIA"]
[Date "2016.07.27"]
[Round "6"]
[Board "3"]
[White "Shafi, Declan"]
[Black "Copeland, Dean"]
[Result "1-0"]
[WhiteElo "1841"]
[BlackElo "1763"]
[PlyCount "81"]
[EventDate "2016.07.22"]
[EventType "team"]
[EventRounds "9"]
[EventCountry "SVK"]
[WhiteTeam "Scotland"]
[BlackTeam "Ireland"]

1. d4 d5 2. c4 e6 3. Nc3 Nf6 4. cxd5 exd5 5. Bg5 Nbd7 6. e3 c6 7. Bd3 Be7 8.
Qc2 O-O 9. Nf3 Re8 10. h3 Nf8 11. Bf4 Be6 12. O-O Rc8 13. Na4 N8d7 14. Ng5 h6
15. Nxe6 fxe6 16. Qd2 Nb6 17. Nxb6 Qxb6 18. Rac1 Rcd8 19. Bg6 Bb4 20. Qe2 Rf8
21. Be5 Bd6 22. Bb1 Bxe5 23. dxe5 Nd7 24. f4 Rf7 25. Rf3 Nf8 26. Kh1 d4 27.
Rcf1 Rfd7 28. exd4 Rxd4 29. Rg3 Rd2 30. Qg4 Qc7 31. b3 R8d7 32. Re3 Qd8 33. Kh2
Rb2 34. Rg3 Qe7 35. Qh5 Kh8 36. f5 Qf7 37. Qg4 exf5 38. Rxf5 Qe7 39. Qe4 Ne6
40. Rf7 Rxb1 41. Rxe7 1-0

[Event "FIDE World Youth U16 Chess Olympiad SLOVAKIA 2016"]
[Site "Poprad Tatry SLOVAKIA"]
[Date "2016.07.27"]
[Round "6"]
[Board "1"]
[White "Sankova, Stella"]
[Black "Kardis, Benjamin"]
[Result "1-0"]
[WhiteElo "1911"]
[BlackElo "1720"]
[PlyCount "62"]
[EventDate "2016.07.22"]
[EventType "team"]
[EventRounds "9"]
[EventCountry "SVK"]
[WhiteTeam "Slovakia RSA BB Detva"]
[BlackTeam "Slovakia PSZ"]

1. Nf3 Nf6 2. d4 e6 3. c4 b6 4. Nc3 Bb7 5. a3 Be7 6. d5 O-O 7. e4 exd5 8. cxd5
d6 9. Bd3 Nbd7 10. O-O Nc5 11. Nd4 Nfd7 12. b4 Nxd3 13. Qxd3 Ne5 14. Qe2 Bf6
15. Be3 a6 16. f4 Ng6 17. Rac1 Re8 18. g4 Be7 19. g5 Nf8 20. Nf5 Bc8 21. Ng3 f6
22. h4 Bd7 23. Bd4 Qc8 24. Kh2 Qd8 25. Nh5 Ng6 26. gxf6 gxf6 27. f5 Nxh4 28.
Qg4+ Ng6 29. Qg3 Kf7 30. fxg6+ hxg6 31. Nxf6 Bf5 1-0

[Event "FIDE World Youth U16 Chess Olympiad SLOVAKIA 2016"]
[Site "Poprad Tatry SLOVAKIA"]
[Date "2016.07.27"]
[Round "6"]
[Board "2"]
[White "Verbovsky, Michal"]
[Black "Cibikova, Sofia Anna"]
[Result "0-1"]
[WhiteElo "1685"]
[BlackElo "1682"]
[PlyCount "62"]
[EventDate "2016.07.22"]
[EventType "team"]
[EventRounds "9"]
[EventCountry "SVK"]
[WhiteTeam "Slovakia PSZ"]
[BlackTeam "Slovakia RSA BB Detva"]

1. e4 Nf6 2. e5 Nd5 3. d4 d6 4. c4 Nb6 5. f4 e6 6. Nc3 dxe5 7. fxe5 Bb4 8. Nf3
c5 9. Be3 Nc6 10. Rc1 cxd4 11. Bxd4 Nxd4 12. Qxd4 Qxd4 13. Nxd4 Bd7 14. b3 O-O
15. Be2 Rac8 16. O-O Rfd8 17. Kh1 Be8 18. Nf3 Bc6 19. Nb1 Bc5 20. Rcd1 h6 21.
Nbd2 Kf8 22. Nh4 Be3 23. Rxf7+ Kxf7 24. Rf1+ Kg8 25. Ng6 Kh7 26. Bh5 Rxd2 27.
Nh4 Bg5 28. Bg6+ Kh8 29. Kg1 Bxh4 30. g3 Rg2+ 31. Kh1 Rxg3+ 0-1

[Event "FIDE World Youth U16 Chess Olympiad SLOVAKIA 2016"]
[Site "Poprad Tatry SLOVAKIA"]
[Date "2016.07.27"]
[Round "6"]
[Board "3"]
[White "Cabanova, Kristina"]
[Black "Cisko, Miloslav"]
[Result "1-0"]
[WhiteElo "1609"]
[BlackElo "1631"]
[PlyCount "121"]
[EventDate "2016.07.22"]
[EventType "team"]
[EventRounds "9"]
[EventCountry "SVK"]
[WhiteTeam "Slovakia RSA BB Detva"]
[BlackTeam "Slovakia PSZ"]

1. Nf3 d5 2. d4 e6 3. Bf4 Nf6 4. e3 Nc6 5. c4 Bd6 6. Bxd6 cxd6 7. Nc3 dxc4 8.
Bxc4 O-O 9. O-O d5 10. Bb3 Bd7 11. Rc1 Ne7 12. Bc2 Ng6 13. Bb1 Rc8 14. Qb3 b6
15. Bd3 Nh5 16. Ba6 Rc7 17. Nb5 Rxc1 18. Rxc1 Bxb5 19. Qxb5 Qb8 20. Qd7 Nf6 21.
Qc7 h6 22. Nd2 Re8 23. Qxb8 Rxb8 24. a4 Ne8 25. Nb1 Nd6 26. Na3 Kf8 27. Rc7 Ra8
28. Rd7 Nf5 29. Nb5 Nge7 30. Rxa7 Rxa7 31. Nxa7 Nd6 32. Bd3 Ke8 33. Kf1 Kd8 34.
Ke1 Kc7 35. Nb5+ Nxb5 36. Bxb5 f6 37. f4 Nf5 38. Kd2 Nh4 39. Bf1 Nf5 40. g3 Nd6
41. Bd3 f5 42. Kc3 Nb7 43. b4 g5 44. h3 g4 45. h4 h5 46. Kb3 Kd6 47. Ba6 Nd8
48. Bb5 Ke7 49. a5 bxa5 50. bxa5 Nb7 51. Kb4 Nd6 52. a6 Nc8 53. Kc5 Kd8 54. Kc6
Na7+ 55. Kb6 Nc8+ 56. Kc5 Na7 57. Bc6 Kc7 58. Bb7 Kd7 59. Kb6 Nc8+ 60. Bxc8+
Kxc8 61. a7 1-0

[Event "FIDE World Youth U16 Chess Olympiad SLOVAKIA 2016"]
[Site "Poprad Tatry SLOVAKIA"]
[Date "2016.07.27"]
[Round "6"]
[Board "4"]
[White "Liscinska, Lucia"]
[Black "Bobrova, Katarina"]
[Result "0-1"]
[WhiteElo "1619"]
[BlackElo "1370"]
[PlyCount "72"]
[EventDate "2016.07.22"]
[EventType "team"]
[EventRounds "9"]
[EventCountry "SVK"]
[WhiteTeam "Slovakia PSZ"]
[BlackTeam "Slovakia RSA BB Detva"]

1. e4 d6 2. d4 Nf6 3. Nc3 g6 4. Nf3 Bg7 5. h3 O-O 6. Be2 Nc6 7. Be3 e5 8. dxe5
Nxe5 9. Nxe5 dxe5 10. Qxd8 Rxd8 11. Nb5 Bd7 12. f3 Bxb5 13. Bxb5 c6 14. Bc4 b5
15. Bb3 a5 16. a4 Bf8 17. O-O Nd7 18. axb5 cxb5 19. Bd5 Rac8 20. Rxa5 Rxc2 21.
Rxb5 Rb8 22. Rxb8 Nxb8 23. b3 Na6 24. Bc4 Rc3 25. Ra1 Rxe3 26. Rxa6 Bc5 27. Kh2
Re1 28. Rc6 Bd4 29. Rc7 h5 30. Bxf7+ Kg7 31. Be8+ Kh6 32. Rc2 h4 33. g3 Bg1+
34. Kg2 Be3 35. Bb5 Rg1+ 36. Kh2 hxg3# 0-1

[Event "FIDE World Youth U16 Chess Olympiad SLOVAKIA 2016"]
[Site "Poprad Tatry SLOVAKIA"]
[Date "2016.07.27"]
[Round "6"]
[Board "1"]
[White "Kostolansky, Sebastian Lukas"]
[Black "Michaelides, Konstantinos"]
[Result "1-0"]
[WhiteElo "1962"]
[BlackElo "2154"]
[PlyCount "125"]
[EventDate "2016.07.22"]
[EventType "team"]
[EventRounds "9"]
[EventCountry "SVK"]
[WhiteTeam "Slovakia BSZ"]
[BlackTeam "Cyprus"]

1. e4 e6 2. d4 d5 3. Nd2 Nc6 4. Ngf3 Nf6 5. e5 Nd7 6. c3 f6 7. exf6 Qxf6 8. Bd3
Bd6 9. O-O O-O 10. Re1 Kh8 11. Qb3 h6 12. Nf1 Nb6 13. Ne3 h5 14. Bb1 g5 15. Qc2
Rf7 16. Qg6 Qxg6 17. Bxg6 Rg7 18. Bxh5 e5 19. dxe5 Nxe5 20. Nxd5 Nxf3+ 21. Bxf3
Bf5 22. Nxb6 axb6 23. Bxb7 Rf8 24. Be3 c5 25. Bd5 Rd8 26. Red1 Bf4 27. Bxf4
gxf4 28. Bf3 Re8 29. Re1 Reg8 30. Re5 Bh3 31. Rh5+ Rh7 32. Rxh7+ Kxh7 33. Kf1
Be6 34. a4 Kh6 35. h3 Re8 36. a5 bxa5 37. Rxa5 Bc4+ 38. Kg1 Re5 39. Kh2 Be2 40.
Bxe2 Rxe2 41. f3 Rxb2 42. Rxc5 Rc2 43. Rf5 Rxc3 44. Rxf4 Kg5 45. Re4 Rc2 46.
h4+ Kh5 47. Kh3 Rc1 48. Re5+ Kh6 49. Kg4 Rc4+ 50. f4 Rc6 51. Rh5+ Kg7 52. f5
Rc4+ 53. Kg5 Rc2 54. g4 Rc4 55. f6+ Kf7 56. Rh7+ Kg8 57. Re7 Kf8 58. h5 Kg8 59.
Kf5 Ra4 60. g5 Ra5+ 61. Kg6 Kf8 62. Rb7 Ra8 63. Rh7 1-0

[Event "FIDE World Youth U16 Chess Olympiad SLOVAKIA 2016"]
[Site "Poprad Tatry SLOVAKIA"]
[Date "2016.07.27"]
[Round "6"]
[Board "2"]
[White "Theocharous, Mikis"]
[Black "Sandor, Martin"]
[Result "1/2-1/2"]
[WhiteElo "1604"]
[BlackElo "1763"]
[PlyCount "49"]
[EventDate "2016.07.22"]
[EventType "team"]
[EventRounds "9"]
[EventCountry "SVK"]
[WhiteTeam "Cyprus"]
[BlackTeam "Slovakia BSZ"]

1. e4 c5 2. Nf3 d6 3. d4 cxd4 4. Nxd4 Nf6 5. Nc3 a6 6. Be3 e5 7. Nb3 Be6 8. f3
h5 9. h4 Be7 10. Qd2 Qc7 11. Nd5 Nxd5 12. exd5 Bf5 13. Bd3 Bxd3 14. Qxd3 b6 15.
O-O-O Nd7 16. g3 Nc5 17. Nxc5 bxc5 18. f4 Bf6 19. Rhe1 Qb7 20. Qa3 Rc8 21. fxe5
Bxe5 22. Bf4 f6 23. Bxe5 fxe5 24. Qa4+ Qb5 25. Qe4 1/2-1/2

[Event "FIDE World Youth U16 Chess Olympiad SLOVAKIA 2016"]
[Site "Poprad Tatry SLOVAKIA"]
[Date "2016.07.27"]
[Round "6"]
[Board "3"]
[White "Petrek, David"]
[Black "Charalambous, Charalambos"]
[Result "1-0"]
[WhiteElo "1548"]
[BlackElo "1593"]
[PlyCount "57"]
[EventDate "2016.07.22"]
[EventType "team"]
[EventRounds "9"]
[EventCountry "SVK"]
[WhiteTeam "Slovakia BSZ"]
[BlackTeam "Cyprus"]

1. e4 c5 2. Nf3 Nc6 3. d4 cxd4 4. Nxd4 e5 5. Nb3 Nf6 6. Nc3 d6 7. f3 Be6 8. Be3
a6 9. Qd2 Be7 10. g4 O-O 11. O-O-O Na5 12. h4 Nxb3+ 13. axb3 Qa5 14. Kb1 Rfe8
15. h5 Nd7 16. g5 f5 17. exf5 Bxf5 18. Bc4+ Kh8 19. g6 b5 20. Bf7 Rf8 21. h6
Rxf7 22. gxf7 Nc5 23. Qd5 Rc8 24. hxg7+ Kxg7 25. Rdg1+ Bg6 26. Bh6+ Kh8 27.
Rxg6 hxg6 28. Bf8+ Bh4 29. Rxh4# 1-0